<?xml version="1.0" encoding="UTF-8"?>
<collection xmlns="http://www.loc.gov/MARC21/slim">
<record>
  <controlfield tag="001">3525</controlfield>
  <controlfield tag="005">20190130125140.0</controlfield>
  <datafield tag="037" ind1=" " ind2=" ">
    <subfield code="a">POSTER-2018-0039</subfield>
  </datafield>
  <datafield tag="100" ind1=" " ind2=" ">
    <subfield code="a">Frankinet, B.</subfield>
  </datafield>
  <datafield tag="245" ind1=" " ind2=" ">
    <subfield code="a">Seismic Noise Characterization in Belgium: noise level maps and hurricane tracking capability</subfield>
  </datafield>
  <datafield tag="260" ind1=" " ind2=" ">
    <subfield code="c">2018</subfield>
  </datafield>
  <datafield tag="269" ind1=" " ind2=" ">
    <subfield code="c">2018-04-09</subfield>
  </datafield>
  <datafield tag="520" ind1=" " ind2=" ">
    <subfield code="a">In this study, we present the spatial and temporal variations of seismic noise  levels for different frequencies(anthropogenic, primary and secondary microseism) in Belgium. We quantify the noise field far away from its sources and observe the  geographical variation of microseisms through Belgium. Following the methodology of M. Möllhoff et al., 2016, we calculate seismic power spectral densities and power density functions from 2016 and 2017 microseism data measured in Belgium in order to obtain frequency dependent  statistics of the noise field. We present a new Belgium  Low-Noise  Model (BLNM) and Belgium High-Noise  Model (BHNM) that will be useful for future  seismometers  implementation  in  Belgium and to improve the detectability by the national network. We specifically investigate the geographical variation of microseims measurements produced by Hurricane Ophelia during October 2017 (9 October – 20 October 2017) and track its progression in the North Atlantic Ocean. A specific focus is the Membach underground laboratory and station, host of  multiple seismometers  and gravimeters, where large-n ambient seismic  noise-based experiments will take place in 2018 (Brain.be project LARGE-MEM).</subfield>
  </datafield>
  <datafield tag="536" ind1=" " ind2=" ">
    <subfield code="a">2BRAIN_LARGEMEM/</subfield>
    <subfield code="c">2BRAIN_LARGEMEM/</subfield>
    <subfield code="f">2BRAIN_LARGEMEM</subfield>
  </datafield>
  <datafield tag="594" ind1=" " ind2=" ">
    <subfield code="a">NO</subfield>
  </datafield>
  <datafield tag="700" ind1=" " ind2=" ">
    <subfield code="a">Lecocq, T.</subfield>
  </datafield>
  <datafield tag="700" ind1=" " ind2=" ">
    <subfield code="a">Camelbeeck, T.</subfield>
  </datafield>
  <datafield tag="773" ind1=" " ind2=" ">
    <subfield code="t">European General Assembly (EGU), Vienna, Austria</subfield>
  </datafield>
  <datafield tag="856" ind1="0" ind2=" ">
    <subfield code="f">thomas.lecocq@observatoire.be</subfield>
  </datafield>
  <datafield tag="856" ind1="4" ind2="2">
    <subfield code="a">https://presentations.copernicus.org/EGU2018-1214_presentation.pdf</subfield>
  </datafield>
  <datafield tag="980" ind1=" " ind2=" ">
    <subfield code="a">CPOSTER</subfield>
  </datafield>
</record>
</collection>